Schaum's outline of theory & problems of statistics (Record no. 7840)

000 -LEADER
fixed length control field 00549nam a2200205 4500
001 - CONTROL NUMBER
control field 7840
003 - CONTROL NUMBER IDENTIFIER
control field BD-DhUET
008 - FIXED-LENGTH DATA ELEMENTS--GENERAL INFORMATION
fixed length control field 141213b/xxu||||| |||| 00| 0 eng d
020 ## - INTERNATIONAL STANDARD BOOK NUMBER
International Standard Book Number 070602271
040 ## - CATALOGING SOURCE
Original cataloging agency DLC
Language of cataloging DLC
Transcribing agency BD-DhUET
082 ## - DEWEY DECIMAL CLASSIFICATION NUMBER
Classification number 519.9
Item number SPI/1961
100 ## - MAIN ENTRY--PERSONAL NAME
Personal name Spiegel , Murray R
245 ## - TITLE STATEMENT
Title Schaum's outline of theory & problems of statistics
250 ## - EDITION STATEMENT
Edition statement 1st ed.
260 ## - PUBLICATION, DISTRIBUTION, ETC. (IMPRINT)
Place of publication, distribution, etc. Singapore
Name of publisher, distributor, etc. McGraw Hill
Date of publication, distribution, etc. 1961
300 ## - PHYSICAL DESCRIPTION
Extent 359 p.
Other physical details ill.
Dimensions 27 cm.
490 ## - SERIES STATEMENT
Series statement Schaum's Outline Series
650 #0 - SUBJECT ADDED ENTRY--TOPICAL TERM
Topical term or geographic name as entry element Statistical mathematics
942 ## - ADDED ENTRY ELEMENTS (KOHA)
Koha item type General Book
Holdings
Koha date last seen Koha full call number Date acquired Piece designation (barcode) Lost status Source of classification or shelving scheme Koha item type Location (home branch) Withdrawn status Not for loan Copy number Sublocation or collection (holding branch) Price effective from Koha normalized classification for sorting Koha date last borrowed Koha issues (times borrowed) Shelving location Damaged status
2015-08-22519.9/SPI/19612014-12-1325219  General BookCentral Library, BUET  1Central Library, BUET2014-12-13519_900000000000000_SPI_1961  Circulation section 
2017-02-06519.9/SPI/19612014-12-1366184  General BookCentral Library, BUET  2Central Library, BUET2014-12-13519_900000000000000_SPI_1961  Circulation section 
2014-12-13519.9/SPI/19612014-12-13345  General BookCentral Library, BUET  3Central Library, BUET2014-12-13519_900000000000000_SPI_1961  Circulation section 
2015-08-01519.9/SPI/19612014-12-1356483  General BookCentral Library, BUET  5Central Library, BUET2014-12-13519_900000000000000_SPI_19612015-08-011Circulation section 
2014-12-13519.9/SPI/19612014-12-1331847  General BookCentral Library, BUET  6Central Library, BUET2014-12-13519_900000000000000_SPI_1961  Circulation section 
2014-12-13519.9/SPI/19612014-12-1331828  General BookCentral Library, BUET  7Central Library, BUET2014-12-13519_900000000000000_SPI_1961  Circulation section 
2014-12-13519.9/SPI/19612014-12-1331843  General BookCentral Library, BUET  8Central Library, BUET2014-12-13519_900000000000000_SPI_1961  Circulation section